| 000 | 00558nam a22001697a 4500 | ||
|---|---|---|---|
| 999 |
_c15223 _d15223 |
||
| 003 | OSt | ||
| 082 | _2631.3 SIN/ST | ||
| 088 | _aT 117 | ||
| 100 |
_aSINDU BHASKAR _92796 |
||
| 245 | _aStorage studies on preservation of banana and its products | ||
| 260 |
_aTavanur 2000 _bKelappaji College of Agricultural Engineering and Technology |
||
| 300 | _a105 | ||
| 500 | _aStorage studies on preservation of banana and its products | ||
| 520 | _aStorage studies on preservation of banana and its products | ||
| 700 |
_aDr. V. Ganesan (Guide) _92273 |
||
| 942 | _cTH | ||